Рынок страхования: его структура и экономические основы функционирования; Информационные технологии в науке, управлении, социальной сфере и медицине; Ч. 2

Bibliographische Detailangaben
Parent link:Информационные технологии в науке, управлении, социальной сфере и медицине: сборник научных трудов III Международной научной конференции, 23-26 мая 2016 г., Томск.— , 2016
Ч. 2.— 2016.— [С. 539-542]
1. Verfasser: Старцева Р. А.
Körperschaft: Национальный исследовательский Томский политехнический университет (ТПУ)
Zusammenfassung:Заглавие с титульного экрана
Insurance is protection of property interests of citizens, organizations and states, which should become an essential element in light of the ongoing economic, social and political transformation in Russia. The development of the insurance market, the combination of compulsory and voluntary insurance allow you to create a reliable system of social protection, especially for workers; oppose the possibility of changing its social and material conditions in certain situations.
Sprache:Russisch
Veröffentlicht: 2016
Schriftenreihe:Информационные технологии и моделирование в маркетинге
Schlagworte:
Online-Zugang:http://earchive.tpu.ru/handle/11683/31528
Format: MixedMaterials Elektronisch Buchkapitel
KOHA link:https://koha.lib.tpu.ru/cgi-bin/koha/opac-detail.pl?biblionumber=619794

MARC

LEADER 00000naa2a2200000 4500
001 619794
005 20231101133059.0
035 |a (RuTPU)RU\TPU\conf\18230 
035 |a RU\TPU\conf\18229 
090 |a 619794 
100 |a 20160901d2016 k y0rusy50 ca 
101 0 |a rus 
102 |a RU 
105 |a y z 101zy 
135 |a drgn ---uucaa 
181 0 |a i  
182 0 |a b 
200 1 |a Рынок страхования: его структура и экономические основы функционирования  |d Market of insurance: structure and economic bases of functioning  |f Р. А. Старцева 
203 |a Текст  |c электронный 
225 1 |a Информационные технологии и моделирование в маркетинге 
230 |a 1 компьютерный файл (pdf; 419 Kb) 
300 |a Заглавие с титульного экрана 
320 |a [Библиогр.: с. 542 (4 назв.)] 
330 |a Insurance is protection of property interests of citizens, organizations and states, which should become an essential element in light of the ongoing economic, social and political transformation in Russia. The development of the insurance market, the combination of compulsory and voluntary insurance allow you to create a reliable system of social protection, especially for workers; oppose the possibility of changing its social and material conditions in certain situations. 
461 1 |0 (RuTPU)RU\TPU\conf\17281  |t Информационные технологии в науке, управлении, социальной сфере и медицине  |o сборник научных трудов III Международной научной конференции, 23-26 мая 2016 г., Томск  |o в 2 ч.  |d 2016 
463 1 |0 (RuTPU)RU\TPU\conf\17287  |t Ч. 2  |f Национальный исследовательский Томский политехнический университет (ТПУ) ; под ред. О. Г. Берестневой [и др.]  |v [С. 539-542]  |d 2016 
510 1 |a Market of insurance: structure and economic bases of functioning  |z eng 
610 1 |a труды учёных ТПУ 
610 1 |a электронные ресурсы 
610 1 |a страхование 
610 1 |a страховой рынок 
610 1 |a договор страхования 
610 1 |a добровольное страхование 
610 1 |a экономические основы 
700 1 |a Старцева  |b Р. А. 
712 0 2 |a Национальный исследовательский Томский политехнический университет (ТПУ)  |c (2009- )  |2 stltpush  |3 (RuTPU)RU\TPU\col\15902 
801 2 |a RU  |b 63413507  |c 20160912  |g RCR 
856 4 |u http://earchive.tpu.ru/handle/11683/31528 
942 |c BK